Daily Financial Times

Bibliographic Details
Format: eBook
Language:English
Published: [s.l.]: Asinaet Pakistan, 2013 -
Subjects:
Online Access:Acceso restringido

MARC

LEADER 00000nam a22000007a 4500
005 2013121704544.0
007 cr|||| |||
008 131217c20139999lk |||| s|||| 0|||a1eng d
035 |a 11706 
040 |a vLex 
090 |c 4633  |d 4633 
245 0 0 |a Daily Financial Times  |h [Recurso electrn̤ico] 
256 |a Servicio en ln̕ea 
260 |a [s.l.]:  |b Asinaet Pakistan,  |c 2013 - 
300 |a 1 recurso electrn̤ico 
310 |a Diario 
506 1 |a Contenido solo disponible en los productos indicados  |d vLex Global  |d vLex Global (Academic Edition, excluding Law Schools)  |d vLex Global (U.S. Academic Edition, Law Schools)  |d vLex Global (U.S. Academic Edition, excluding Law Schools)  |d vLex Global (Academic Edition, Law Schools) 
650 0 4 |a Diarios  |z Sri Lanka 
740 0 |a vLex Revistas (Servicio en ln̕ea) 
856 4 0 |u http://vlex.com/source/daily-financial-times-11706/  |z Acceso restringido 
942 |c REV 
999 0 |a Newspaper -- Sri Lanka